000 00570nam a2200181Ia 4500
008 090123s9999 xx 000 0 und d
082 _b32336
100 _aराजाध्यक्ष विजया
245 _aउत्तरार्ध
250 _a0
260 _bमेहता प्रकाशन
_c1990
300 _a223
600 _aराजाध्यक्ष विजया
630 _aउत्तरार्ध
700 _aराजाध्यक्ष विजया
730 _aउत्तरार्ध
942 _cBOOK
999 _c70395
_d70395